Reflexiones sobre la democracia LTDA. en América Latina

Spremljeno u:
Bibliografski detalji
Glavni autor: Fals Borda, Orlando
Format: Tekst
Izdano: Panamá: Universidad de Panamá
Oznake: Dodaj oznaku
Bez oznaka, Budi prvi tko označuje ovaj zapis!

MARC

LEADER 00000 a a2200000 04500
001 21506
003
040
090 |a 095000  
100 |a Fals Borda, Orlando  
245 |a Reflexiones sobre la democracia LTDA. en América Latina  
260 |a Panamá:   |b Universidad de Panamá  
300 |a 9 p.  
999 |c 1138  |d 1138